00370pab a2200145 454500008004000000100001600040245004600056260000900102300001300111362001000124650001900134650001900153700001800172773003400190180718b2018 xxu||||| |||| 00| 0 eng d aRoy, Rathin aShould states target a 3% fiscal deficit? c2018 ap.48-53. a3 Mar aPublic Finance aFiscal deficit aKotia, Ananya aEconomic and Political Weekly